| 000 | 00703nam a2200121Ia 4500 | ||
|---|---|---|---|
| 008 | 220620s9999||||xx |||||||||||||| ||und|| | ||
| 022 | _a1998-0280 | ||
| 245 | 0 | _aPretoria Student Law Review 2020-14-2 | |
| 546 | _aEnglish[eng] | ||
| 650 | _aMatrimonial Property Rights sexual orientation Statutory utility rights access to services adequate housing Pretoria Student Law Review 2020-14-2 gender identities SOGI warrantless search seizure operations employment legislation Draft Constitution Eighteenth Amendment Bill Qwelane v SAHRC & Others Fourth Industrial Revolution poverty under capitalism | ||
| 856 | _uhttp://www.pulp.up.ac.za/component/edocman/pretoria-student-law-review-2020-14-2 | ||
| 942 | _cEB | ||
| 999 |
_c31626 _d31626 |
||